[Event "Porto San Giorgio op 24th"]
[Site "Porto San Giorgio"]
[Date "2013.08.29"]
[Round "9"]
[White "Calavalle, Giulio"]
[Black "Martinez, Rolly"]
[Result "1/2-1/2"]
[WhiteElo "2205"]
[BlackElo "2451"]
[PlyCount "74"]
[EventDate "2013.08.21"]
[EventType "swiss"]
[EventRounds "9"]
[EventCountry "ITA"]
[SourceTitle "CBM 156 Extra"]
[Source "ChessBase"]
[SourceDate "2013.10.22"]
[SourceVersion "1"]
[SourceVersionDate "2013.10.22"]
[SourceQuality "1"]

1. e4 d6 2. d4 Nf6 3. Nc3 c6 4. Be2 Nbd7 5. g4 h6 6. Be3 e5 7. f3 b5 8. d5 b4 9. dxc6 bxc3 10. cxd7+ Bxd7 11. bxc3 Be7 12. c4 h5 13. g5 Nh7 14. h4 0-0 15. Bd3 Be6 16. Ne2 Qc7 17. f4 Bxc4 18. f5 g6 19. Ng3 Rfb8 20. 0-0 Bf8 21. fxg6 fxg6 22. Nxh5 Bxd3 23. cxd3 Rb2 24. Nf6+ Nxf6 25. Rxf6 Bg7 26. Rf2 Rab8 27. Qc1 Qxc1+ 28. Rxc1 Rxf2 29. Bxf2 Rb2 30. Bxa7 Rxa2 31. Bb8 Rd2 32. Bxd6 Rxd3 33. Rc8+ Kf7 34. Rc7+ Kg8 35. Rc8+ Kf7 36. Rc7+ Kg8 37. Rc8+ Kf7 1/2-1/2

[Event "Milan Crespi op-A 33rd"]
[Site "Milan"]
[Date "2012.12.08"]
[Round "9"]
[White "Martinez, Rolly"]
[Black "Rambaldi, Francesco"]
[Result "1-0"]
[WhiteElo "2441"]
[BlackElo "2308"]
[PlyCount "63"]
[EventDate "2012.12.01"]
[EventType "swiss"]
[EventRounds "9"]
[EventCountry "ITA"]
[SourceTitle "CBM 151 Extra"]
[Source "ChessBase"]
[SourceDate "2012.12.18"]
[SourceVersion "1"]
[SourceVersionDate "2012.12.18"]
[SourceQuality "1"]

1. e4 c5 2. Nf3 d6 3. d4 Nf6 4. Nc3 cxd4 5. Nxd4 a6 6. g3 e5 7. Nde2 b5 8. Bg2 Bb7 9. 0-0 Nbd7 10. Be3 Be7 11. h3 0-0 12. g4 b4 13. Nd5 Nxd5 14. exd5 Bg5 15. Qd2 Bxe3 16. fxe3 a5 17. Ng3 Nb6 18. b3 Rc8 19. Rf2 Rc5 20. e4 Nc8 21. a3 bxa3 22. Rxa3 Nb6 23. Bf1 Qc7 24. Bd3 g6 25. Ra1 Qd8 26. Qh6 f6 27. Kh2 Bc8 28. Raf1 Rc7 29. Qd2 a4 30. Qb4 Rb7 31. bxa4 Kg7 32. Bb5 1-0

[Event "Milan Crespi op-A 33rd"]
[Site "Milan"]
[Date "2012.12.07"]
[Round "8"]
[White "Shishkin, Vadim"]
[Black "Martinez, Rolly"]
[Result "1/2-1/2"]
[WhiteElo "2501"]
[BlackElo "2441"]
[PlyCount "148"]
[EventDate "2012.12.01"]
[EventType "swiss"]
[EventRounds "9"]
[EventCountry "ITA"]
[SourceTitle "CBM 151 Extra"]
[Source "ChessBase"]
[SourceDate "2012.12.18"]
[SourceVersion "1"]
[SourceVersionDate "2012.12.18"]
[SourceQuality "1"]

1. d4 Nf6 2. c4 e6 3. Nc3 Bb4 4. Qc2 0-0 5. a3 Bxc3+ 6. Qxc3 b6 7. Bg5 Bb7 8. Nf3 d6 9. Nd2 Nbd7 10. f3 c5 11. e4 cxd4 12. Qxd4 Qc7 13. Be2 Qc5 14. Be3 Rfd8 15. b4 Qc7 16. 0-0 Rac8 17. Rac1 h6 18. Rfd1 Nf8 19. Nb1 Qe7 20. Qb2 Bc6 21. Nc3 Ng6 22. Bf2 Nh5 23. Bf1 Ne5 24. a4 Be8 25. Qb3 Rc7 26. Nb5 Bxb5 27. cxb5 Rdc8 28. Rxc7 Qxc7 29. Be3 Nf6 30. a5 Ned7 31. Rc1 Qd8 32. Rc6 d5 33. Qc3 Ra8 34. e5 Ne8 35. f4 Rb8 36. Bd3 Nf8 37. Bd4 g6 38. h3 Qh4 39. Qd2 Qd8 40. Qc2 Qh4 41. Qc1 Nd7 42. Bf2 Qd8 43. Qc3 h5 44. g3 Nf8 45. Kg2 Nd7 46. Kh2 Ra8 47. Bf1 Rb8 48. Be2 Ra8 49. Bd3 Rb8 50. g4 hxg4 51. hxg4 Qe7 52. Bg3 Nf8 53. Kh3 Qd8 54. Bh4 Qd7 55. Bf2 Qd8 56. Bd4 Nd7 57. Kg3 Qe7 58. Qd2 Ra8 59. Rc1 Qf8 60. f5 gxf5 61. gxf5 Qg7+ 62. Kf2 Nxe5 63. Be2 Nf6 64. Qf4 Neg4+ 65. Bxg4 Nxg4+ 66. Kg3 e5 67. Qxg4 exd4 68. Rc7 bxa5 69. bxa5 Rb8 70. Rc5 Rd8 71. b6 axb6 72. axb6 d3 73. Qxg7+ Kxg7 74. Kf3 d2 1/2-1/2

[Event "Milan Crespi op-A 33rd"]
[Site "Milan"]
[Date "2012.12.04"]
[Round "4"]
[White "Martinez, Rolly"]
[Black "Pancevski, Filip"]
[Result "0-1"]
[WhiteElo "2441"]
[BlackElo "2512"]
[PlyCount "96"]
[EventDate "2012.12.01"]
[EventType "swiss"]
[EventRounds "9"]
[EventCountry "ITA"]
[SourceTitle "CBM 151 Extra"]
[Source "ChessBase"]
[SourceDate "2012.12.18"]
[SourceVersion "1"]
[SourceVersionDate "2012.12.18"]
[SourceQuality "1"]

1. e4 d6 2. d4 Nf6 3. Nc3 e5 4. Nf3 Nbd7 5. Bc4 Be7 6. 0-0 0-0 7. Re1 a6 8. a4 b6 9. b3 Bb7 10. Bb2 c6 11. Bd3 g6 12. Qd2 Re8 13. dxe5 dxe5 14. Ne2 Qc7 15. Ng3 Bf8 16. h4 Rad8 17. b4 b5 18. h5 Ng4 19. Qg5 Ndf6 20. hxg6 hxg6 21. Nh2 Nxh2 22. Kxh2 Nh7 23. Qd2 Qe7 24. Bc3 Nf6 25. Qg5 Bh6 26. Qh4 Kg7 27. Nf5+ gxf5 28. exf5 Bf4+ 29. Kg1 Nd5 30. Qg4+ Qg5 31. Bxe5+ Rxe5 32. Qxg5+ Bxg5 33. Rxe5 Bf6 34. Rxd5 Rxd5 35. Ra3 Rd4 36. Be2 Rxb4 37. axb5 cxb5 38. Rg3+ Kf8 39. Rd3 Be5 40. f3 Ke7 41. g4 a5 42. g5 Bc6 43. f6+ Ke6 44. Re3 Rh4 45. Bd3 Kd6 46. g6 Bd4 47. g7 Bxe3+ 48. Kf1 Bxf3 0-1

[Event "Milan Crespi op-A 33rd"]
[Site "Milan"]
[Date "2012.12.03"]
[Round "3"]
[White "Maiorov, Nikita"]
[Black "Martinez, Rolly"]
[Result "1/2-1/2"]
[WhiteElo "2541"]
[BlackElo "2441"]
[PlyCount "61"]
[EventDate "2012.12.01"]
[EventType "swiss"]
[EventRounds "9"]
[EventCountry "ITA"]
[SourceTitle "CBM 151 Extra"]
[Source "ChessBase"]
[SourceDate "2012.12.18"]
[SourceVersion "1"]
[SourceVersionDate "2012.12.18"]
[SourceQuality "1"]

1. d4 Nf6 2. c4 e6 3. Nc3 Bb4 4. Qc2 0-0 5. a3 Bxc3+ 6. Qxc3 d5 7. Nf3 dxc4 8. Qxc4 b6 9. Bg5 Ba6 10. Qa4 Qd7 11. Qc2 Rc8 12. Rd1 Qc6 13. Qxc6 Nxc6 14. Bxf6 gxf6 15. e3 Bxf1 16. Rxf1 Na5 17. Nd2 Nb7 18. Ne4 f5 19. Nc3 c5 20. d5 Rd8 21. Ke2 Kf8 22. f3 Ke7 23. e4 Rg8 24. g3 fxe4 25. fxe4 Rg5 26. Rd3 Rd8 27. dxe6 Rxd3 28. Kxd3 fxe6 29. Nb1 b5 30. b3 Na5 31. Kc2 1/2-1/2

[Event "Milan Molinari Memorial 6th"]
[Site "Milan"]
[Date "2012.10.26"]
[Round "3"]
[White "Cazzaniga, Walter"]
[Black "Martinez, Rolly"]
[Result "0-1"]
[WhiteElo "2151"]
[BlackElo "2439"]
[PlyCount "88"]
[EventDate "2012.10.24"]
[EventType "swiss"]
[EventRounds "6"]
[EventCountry "ITA"]
[SourceTitle "EXT 2014"]
[Source "ChessBase"]
[SourceDate "2013.11.20"]
[SourceVersion "1"]
[SourceVersionDate "2013.11.20"]
[SourceQuality "1"]

1. d4 Nf6 2. c4 e6 3. Nf3 d5 4. Nc3 Be7 5. Bg5 h6 6. Bh4 0-0 7. e3 b6 8. Be2 Bb7 9. Bxf6 Bxf6 10. cxd5 exd5 11. b4 c6 12. 0-0 a5 13. bxa5 Rxa5 14. a4 Nd7 15. Rb1 g6 16. Qb3 Qe7 17. Rfd1 Bg7 18. Bd3 f5 19. Qb4 Qe6 20. Qb3 Ba6 21. Bxa6 Rxa6 22. Re1 Re8 23. h3 Kh7 24. Rbd1 Qd6 25. Qc2 Raa8 26. Rb1 Re7 27. h4 Rf8 28. Ne2 c5 29. Rbd1 Re4 30. a5 cxd4 31. Nexd4 bxa5 32. Nb5 Qa6 33. Rxd5 Nf6 34. Rc5 Qa8 35. Qd3 Re7 36. Nfd4 Ne4 37. Rc6 h5 38. Qa3 Rd7 39. Rc4 Qd8 40. g3 f4 41. Qd3 Re8 42. Rec1 fxe3 43. fxe3 Qe7 44. Rf1 Qe5 0-1

[Event "Milan Molinari Memorial 6th"]
[Site "Milan"]
[Date "2012.10.24"]
[Round "1"]
[White "Pelizzola, Danilo"]
[Black "Martinez, Rolly"]
[Result "0-1"]
[WhiteElo "2087"]
[BlackElo "2439"]
[PlyCount "98"]
[EventDate "2012.10.24"]
[EventType "swiss"]
[EventRounds "6"]
[EventCountry "ITA"]
[SourceTitle "EXT 2014"]
[Source "ChessBase"]
[SourceDate "2013.11.20"]
[SourceVersion "1"]
[SourceVersionDate "2013.11.20"]
[SourceQuality "1"]

1. e4 c5 2. Nf3 Nc6 3. d4 cxd4 4. Nxd4 Qb6 5. Nb3 Nf6 6. Nc3 e6 7. Be3 Qc7 8. g3 Bb4 9. Bg2 d5 10. 0-0 Bxc3 11. bxc3 0-0 12. exd5 Nxd5 13. Bxd5 exd5 14. Bd4 Bf5 15. Qd2 h6 16. f3 Rac8 17. Rfe1 Bg6 18. Re3 b6 19. Rae1 Rfd8 20. R1e2 Qd6 21. Qe1 Qa3 22. Re8+ Kh7 23. Rxd8 Rxd8 24. Qa1 Rc8 25. Bf2 Qa6 26. Re1 Rc7 27. Nd4 Qa4 28. Qc1 Qxa2 29. Qf4 Nxd4 30. Bxd4 Qc4 31. Qd6 Qc6 32. Qf8 f6 33. Re7 Rxe7 34. Qxe7 a5 35. g4 a4 36. Kf2 Kg8 37. h4 Qe8 38. Qd6 Bxc2 39. Qxd5+ Kh7 40. Bxb6 Qb8 41. Bc5 Qh2+ 42. Ke1 Qxh4+ 43. Kd2 Qh2+ 44. Ke3 Qg1+ 45. Ke2 Qa1 46. Bd4 a3 47. Bxf6 Qd1+ 48. Qxd1 Bxd1+ 49. Kxd1 a2 0-1

[Event "Milan SSM op"]
[Site "Milan"]
[Date "2012.07.31"]
[Round "6"]
[White "Martinez, Rolly"]
[Black "Gongalov, Bojan"]
[Result "1-0"]
[WhiteElo "2425"]
[BlackElo "2090"]
[PlyCount "109"]
[EventDate "2012.07.27"]
[EventType "swiss"]
[EventRounds "7"]
[EventCountry "ITA"]
[SourceTitle "EXT 2014"]
[Source "ChessBase"]
[SourceDate "2013.11.20"]
[SourceVersion "1"]
[SourceVersionDate "2013.11.20"]
[SourceQuality "1"]

1. e4 Nf6 2. e5 Nd5 3. c4 Nb6 4. d4 d6 5. exd6 exd6 6. Nc3 Be7 7. Bd3 0-0 8. Nge2 c5 9. d5 Bg4 10. Qc2 Bxe2 11. Nxe2 h6 12. 0-0 N8d7 13. Ng3 Ne5 14. Be2 Re8 15. b3 Bf6 16. Rb1 Ng6 17. Bd3 Nh4 18. Bd2 Nd7 19. Qd1 Bd4 20. Bc2 Nf6 21. b4 b5 22. bxc5 bxc4 23. Bxh6 dxc5 24. Bg5 Ng6 25. Nh5 Qd6 26. Bxf6 Bxf6 27. Bxg6 fxg6 28. Nxf6+ Qxf6 29. Qc2 c3 30. Rb3 Rad8 31. Rxc3 Rxd5 32. Rxc5 Rf5 33. g3 Rf8 34. Rc6 Qg5 35. h4 Qg4 36. Qc4+ Qxc4 37. Rxc4 Ra5 38. a4 Rf3 39. Rb1 g5 40. hxg5 Rxg5 41. Kg2 Ra3 42. Rb7 a5 43. Rf4 Ra1 44. Ra7 Kh7 45. g4 Kg6 46. Re4 Rd5 47. Ree7 Kf6 48. Rf7+ Kg5 49. Rxg7+ Kf4 50. Raf7+ Ke4 51. f3+ Ke3 52. Re7+ Kd3 53. Re4 Rd4 54. Rxd4+ Kxd4 55. Re7 1-0

[Event "Milan Crespi op-A 32nd"]
[Site "Milan"]
[Date "2011.12.10"]
[Round "9"]
[White "Martinez, Rolly"]
[Black "Brunello, Marina"]
[Result "1-0"]
[WhiteElo "2420"]
[BlackElo "2221"]
[PlyCount "57"]
[EventDate "2011.12.03"]
[EventType "swiss"]
[EventRounds "9"]
[EventCountry "ITA"]
[SourceTitle "CBM 145 Extra"]
[Source "ChessBase"]
[SourceDate "2012.01.03"]
[SourceVersion "1"]
[SourceVersionDate "2012.01.03"]
[SourceQuality "1"]

1. e4 c5 2. Nf3 d6 3. d4 cxd4 4. Nxd4 Nf6 5. Nc3 a6 6. h3 e5 7. Nde2 h5 8. Bg5 Be6 9. g3 Be7 10. Bg2 Nbd7 11. 0-0 Rc8 12. a4 Qb6 13. Qd2 Bc4 14. a5 Qd8 15. Rfd1 Rc5 16. b3 Be6 17. f4 Nb8 18. f5 Bd7 19. Bxf6 gxf6 20. Nd5 Bf8 21. Nb6 Rg8 22. Kh2 Qc7 23. c4 Qd8 24. b4 Rc7 25. Ra3 Rh8 26. Nc3 Rg8 27. Ncd5 Rc6 28. h4 Rh8 29. Bf3 1-0

[Event "Mortara op 1st"]
[Site "Mortara"]
[Date "2011.09.??"]
[Round "1"]
[White "Martinez, Rolly"]
[Black "Radice, Luca"]
[Result "1-0"]
[WhiteElo "2411"]
[BlackElo "1972"]
[PlyCount "43"]
[EventDate "2011.09.16"]
[EventType "swiss"]
[EventRounds "5"]
[EventCountry "ITA"]
[SourceTitle "EXT 2023"]
[Source "ChessBase"]
[SourceDate "2022.10.05"]
[SourceVersion "1"]
[SourceVersionDate "2022.10.05"]
[SourceQuality "1"]

1. e4 e6 2. d4 d5 3. Nd2 dxe4 4. Nxe4 Bd7 5. Nf3 Bc6 6. Bd3 Nd7 7. Qe2 Be7 8. Bd2 Bxe4 9. Qxe4 c6 10. 0-0-0 Ngf6 11. Qh4 Qc7 12. Rhe1 0-0-0 13. Ne5 Rdf8 14. f4 Bd6 15. Kb1 Kb8 16. c4 c5 17. Bc3 h6 18. Nxd7+ Qxd7 19. dxc5 Bxc5 20. Qg3 Nh5 21. Qg4 Nf6 22. Qxg7 1-0

[Event "Porto San Giorgio op 23rd"]
[Site "Porto San Giorgio"]
[Date "2011.08.23"]
[Round "4"]
[White "Martinez, Rolly"]
[Black "Pascucci, Marco"]
[Result "1-0"]
[WhiteElo "2419"]
[BlackElo "2091"]
[PlyCount "69"]
[EventDate "2011.08.21"]
[EventType "swiss"]
[EventRounds "9"]
[EventCountry "ITA"]
[SourceTitle "CBM 144 Extra"]
[Source "ChessBase"]
[SourceDate "2011.10.28"]
[SourceVersion "1"]
[SourceVersionDate "2011.10.28"]
[SourceQuality "1"]

1. e4 e6 2. d4 d5 3. Nd2 Nf6 4. e5 Nfd7 5. Bd3 c5 6. c3 Nc6 7. Ne2 Be7 8. 0-0 Qb6 9. Nf3 cxd4 10. cxd4 0-0 11. a3 f6 12. exf6 Nxf6 13. Nc3 Bd7 14. Be3 Rae8 15. Ne5 Bc8 16. f4 g6 17. Na4 Qd8 18. Qc2 Bd7 19. Bxg6 Nxe5 20. fxe5 Bxa4 21. Qxa4 hxg6 22. exf6 Bxf6 23. Qxa7 Bg5 24. Bxg5 Qxg5 25. Kh1 Rxf1+ 26. Rxf1 Rc8 27. Qxb7 Rc1 28. Qf7+ Kh8 29. h3 e5 30. dxe5 Rxf1+ 31. Qxf1 Qxe5 32. b4 d4 33. b5 Qd6 34. Qd3 Qc5 35. Qxg6 1-0

[Event "Milan SSM op"]
[Site "Milan"]
[Date "2011.08.02"]
[Round "6"]
[White "Martinez, Rolly"]
[Black "Gongalov, Bojan"]
[Result "1-0"]
[WhiteElo "2419"]
[BlackElo "2045"]
[PlyCount "113"]
[EventDate "2011.07.29"]
[EventType "swiss"]
[EventRounds "7"]
[EventCountry "ITA"]
[SourceTitle "EXT 2014"]
[Source "ChessBase"]
[SourceDate "2013.11.20"]
[SourceVersion "1"]
[SourceVersionDate "2013.11.20"]
[SourceQuality "1"]

1. e4 Nf6 2. e5 Nd5 3. c4 Nb6 4. d4 d6 5. exd6 exd6 6. Nc3 Be7 7. Bd3 Nc6 8. Nge2 Bg4 9. Be3 Bg5 10. Qd2 Bxe3 11. fxe3 Qh4+ 12. Ng3 Nb4 13. Nb5 Nxd3+ 14. Qxd3 0-0 15. 0-0 Qe7 16. Rf4 Be6 17. b3 a6 18. Nc3 d5 19. cxd5 Nxd5 20. Nxd5 Bxd5 21. e4 Be6 22. Nh5 Qg5 23. Qf3 f5 24. Rf1 g6 25. Ng3 Qd8 26. exf5 gxf5 27. Qxb7 Qd7 28. Rc1 Rfc8 29. Qc6 Qf7 30. Rc5 Bd7 31. Qd5 Be6 32. Qf3 Rf8 33. Nxf5 Kh8 34. Qe4 Rad8 35. Qe5+ Qf6 36. Ne3 Qxe5 37. Rxf8+ Rxf8 38. Rxe5 Rf6 39. d5 Bd7 40. Re7 Rd6 41. Kf2 c6 42. dxc6 Bxc6 43. Rc7 Rf6+ 44. Ke1 Re6 45. Kd2 Be4 46. h4 Rd6+ 47. Ke2 Bd3+ 48. Ke1 Re6 49. Kd2 Rd6 50. Kc3 Be4 51. Kb4 Rd2 52. a4 Rd3 53. Rc3 a5+ 54. Kc4 Rd2 55. Kb5 Rd4 56. Kxa5 Bd3 57. b4 1-0